000 00863cam a22002653a 4500
001 29494
003 PGUSA
005 20140828083634.0
008 090722s2009||||xxu|||||s|||||000 | eng d
040 _aPGUSA
_beng
042 _adc
050 4 _aE011
100 1 _aAbbott, John S. C.
_q(John Stevens Cabot),
_d1805-1877
245 1 0 _aKing Philip :
_bMakers of History
_h[electronic resource] /
_cJohn S. C. Abbott
260 _bProject Gutenberg,
_c2009
506 _aPublic domain in the USA.
516 _aElectronic text
653 _aPhilip, Sachem of the Wampanoags, d. 1676
653 _aKing Philip's War, 1675-1676
653 _aIndians of North America -- Biography
653 _aNew England -- History -- Colonial period, ca. 1600-1775
830 0 _aProject Gutenberg
_v29494
856 4 0 _uhttp://www.gutenberg.org/ebooks/29494
942 _cEB
999 _c258749
_d258749